[Event "8th ch-Euro w"]
[Site "Dresden GER"]
[Date "2007.04.06"]
[Round "4"]
[White "Repkova,E"]
[Black "Cmilyte,V"]
[Result "1/2-1/2"]
[WhiteElo "2328"]
[BlackElo "2466"]

1.e4 c5 2.Nf3 Nc6 3.Nc3 Nf6 4.e5 Ng4 5.Qe2 Qc7 6.Nb5 Qb8 7.d4 cxd4 8.Bf4 f6
9.Nbxd4 Nxd4 10.Nxd4 Nxe5 11.Bg3 e6 12.O-O-O Be7 13.Qh5+ g6 14.Qh6 Bf8 15.Qh4 Be7
16.Qh6 Bf8 17.Qh4 Be7  1/2-1/2

[Event "19th Kreuz Open"]
[Site "Lenk SUI"]
[Date "2007.04.06"]
[Round "2"]
[White "Thesing,M"]
[Black "Pahud,C"]
[Result "1-0"]
[WhiteElo "2396"]
[BlackElo "2117"]

1.e4 c5 2.Nc3 Nc6 3.Bb5 Nd4 4.Nf3 Nxb5 5.Nxb5 d5 6.exd5 a6 7.Nc3 Nf6 8.d4 Nxd5
9.dxc5 Nxc3 10.Qxd8+ Kxd8 11.bxc3 f6 12.Be3 Kc7 13.O-O e5 14.Nd2 Bf5 15.f4 exf4
16.Bxf4+ Kc6 17.Nb3 Be4 18.Be3 Re8 19.Rae1 Bd5 20.c4 Bxc4 21.Na5+ Kb5 22.Rb1+ Kxa5
23.Bd2+ Ka4 24.Rb4+ Ka3 25.Rf3+ Kxa2 26.Ra4+ Kb2 27.Rxc4 Bxc5+ 28.Rxc5 b5
29.Bc3+ Kxc2 30.Bxf6+ Kd1 31.Rf1+ Ke2 32.Bxg7 Rhg8 33.Bh6 Re6 34.Rf2+  1-0

[Event "8th ch-Euro"]
[Site "Dresden GER"]
[Date "2007.04.07"]
[Round "5"]
[White "Parligras,M"]
[Black "Fedorov,Alex"]
[Result "1/2-1/2"]
[WhiteElo "2494"]
[BlackElo "2624"]

1.e4 c5 2.Nf3 Nc6 3.Nc3 g6 4.d4 cxd4 5.Nxd4 Bg7 6.Be3 Nf6 7.Bc4 Qa5 8.O-O O-O
9.Bb3 d6 10.h3 Bd7 11.f4 Nxd4 12.Bxd4 Bc6 13.Nd5 Bxd5 14.exd5 Rfe8 15.Kh2 Rac8
16.Qd3 Nd7 17.Bxg7 Kxg7 18.Rae1 Nf6 19.Re2 Rc5 20.Qd4 Kg8 21.Rd1 b5 22.c3 Qc7  1/2-1/2

[Event "8th ch-Euro"]
[Site "Dresden GER"]
[Date "2007.04.07"]
[Round "5"]
[White "Ragger,M"]
[Black "Loxine,J"]
[Result "1/2-1/2"]
[WhiteElo "2487"]
[BlackElo "2301"]

1.e4 c5 2.Nf3 Nc6 3.Nc3 d6 4.d4 cxd4 5.Nxd4 e5 6.Nf3 Be7 7.Bc4 h6 8.O-O Nf6
9.Re1 O-O 10.Nd5 Be6 11.c3 Na5 12.Nxf6+ Bxf6 13.Bd5 Qc7 14.Qd3 Nc4 15.Qxc4 Qxc4
16.Bxc4 Bxc4 17.b3 Be6 18.Ba3 Rfd8 19.c4 a6 20.Red1 b5 21.cxb5 axb5 22.Bxd6 Rxa2
23.Rxa2  1/2-1/2

[Event "8th ch-Euro w"]
[Site "Dresden GER"]
[Date "2007.04.07"]
[Round "5"]
[White "Lomineishvili,M"]
[Black "Ionica,I"]
[Result "1-0"]
[WhiteElo "2399"]
[BlackElo "2243"]

1.e4 c5 2.Nc3 Nc6 3.Bb5 g6 4.Bxc6 dxc6 5.d3 Bg7 6.Nge2 e5 7.Be3 Qe7 8.Qd2 Be6
9.f4 Nf6 10.fxe5 Ng4 11.Bg5 Qc7 12.h3 Nxe5 13.Nf4 Bd7 14.O-O h6 15.Bh4 Qd6
16.Nfe2 O-O 17.Rf2 Rae8 18.Raf1 Bc8 19.Bf6 Be6 20.Qf4 Bxf6 21.Qxf6 Nd7 22.Qh4 Kh7
23.g4 Qe5 24.Rf3 Qg5 25.Qg3 Ne5 26.Rf4 Kg7 27.Nd1 Rh8 28.Ne3 Qe7 29.R4f2 Bc8
30.Nf4 b5 31.Nfg2 Rhf8 32.Nf4 a5 33.Rg2 Kh7 34.h4 Rg8 35.Rgf2 Rg7 36.Rh2 Qd7
37.Rg2 c4 38.h5 cxd3 39.hxg6+ fxg6 40.cxd3 Qd4 41.Rff2 Rd8 42.Rh2 Nf7 43.g5 h5
44.Nxh5 gxh5 45.Rxf7 Kg8 46.Rxg7+ Qxg7 47.Nf5 Bxf5 48.exf5 Qd4+ 49.Rf2 h4
50.Qf3 Re8 51.f6 Re1+ 52.Kh2 Qe5+ 53.Qf4 Qxf4+ 54.Rxf4 Re5 55.g6 Rg5 56.f7+ Kf8
57.Rf6  1-0

[Event "8th ch-Euro"]
[Site "Dresden GER"]
[Date "2007.04.07"]
[Round "5"]
[White "Armbrust,F"]
[Black "Brener,I"]
[Result "1-0"]
[WhiteElo "2261"]
[BlackElo "2413"]

1.e4 c5 2.Nc3 Nc6 3.Bb5 Nd4 4.Bc4 e6 5.Nf3 Nf6 6.O-O a6 7.d3 b5 8.Bb3 Nxb3
9.axb3 Bb7 10.e5 b4 11.Nb1 Nd5 12.Nbd2 Be7 13.Nc4 O-O 14.Na5 Bc8 15.d4 Qc7
16.Qe2 f6 17.exf6 Bxf6 18.dxc5 Qxc5 19.Ne1 Bd8 20.Nd3 Qb5 21.Nc4 Bc7 22.Bd2 Bb7
23.Ra4 a5 24.Rfa1 Ne7 25.Be3 Qd5 26.Ne1 Rf6 27.Bb6 Rg6 28.f3 Bb8 29.Rxa5 Qc6
30.Bd4 Nf5 31.Bf2 Rxa5 32.Rxa5 Qc7 33.Qe5 d6 34.Qb5 h5 35.Qe8+ Kh7 36.Bb6 Qe7
37.Qxe7 Nxe7 38.Rxh5+ Kg8 39.Bf2 Nd5 40.Rh4 e5 41.Nd3 Nf4 42.Nxf4 exf4 43.Rg4 Rxg4
44.fxg4 d5 45.Nb6 Be5 46.Na4 Ba6 47.Nb6 Bb7 48.Na4 Ba6 49.Nc5 Be2 50.Nd3 Bd6
51.Be1 Bxg4 52.Bxb4 Bc7 53.Bc5 Kf7 54.Kf2 Bd1 55.Nb4 Ke6 56.Nc6 g5 57.b4 Bh5
58.b5 Be8 59.b6 Bxc6 60.bxc7 Bb7 61.Bf8 Kf5 62.c3 Ke4 63.Be7 Kf5 64.Bd8 Ba6
65.b4 Bb7 66.Ke2 Ba6+ 67.Kd2 Kg6 68.b5 Bb7 69.Kd3 Kh5 70.Be7 g4 71.Bc5 Kg5
72.Bf2 Kf5 73.Kd4 Ke6 74.Kc5 Kd7 75.Kb6 Kc8 76.Bd4  1-0

[Event "8th ch-Euro"]
[Site "Dresden GER"]
[Date "2007.04.07"]
[Round "5"]
[White "Savchenko,B"]
[Black "Eljanov,P"]
[Result "1/2-1/2"]
[WhiteElo "2562"]
[BlackElo "2675"]

1.e4 c5 2.Nf3 Nc6 3.Nc3 Nf6 4.Bb5 Qc7 5.O-O a6 6.Bxc6 dxc6 7.d3 e5 8.a4 a5
9.Nd2 Be6 10.b3 g6 11.Ne2 Nh5 12.Nc4 Bg7 13.Be3 b6 14.f4 Bxc4 15.bxc4 exf4
16.Nxf4 Bxa1 17.Qxa1 O-O-O 18.Nxh5 gxh5 19.Bf4 Qd7 20.Be5 Rhg8 21.Qb2 Qb7
22.Rf5 h4 23.Bf6 Rd7 24.Rh5 Kb8 25.Rxh7 Ka7 26.Rxh4 Qb8 27.e5 Qe8 28.Re4 Qe6
29.Qc1 Qh3 30.Qf1 Rd4 31.Re2 Rdg4 32.g3 Qxf1+ 33.Kxf1 Ka6 34.Kf2 b5 35.Kf3 bxc4
36.Re4 cxd3 37.cxd3 Rxe4 38.Kxe4 Rg4+ 39.Kf3 Rd4 40.e6 Rd6 41.h4 Rxe6 42.Bg7 Rg6
43.Be5 Kb6 44.g4 c4 45.dxc4 Kc5 46.h5 Rh6 47.Bf4 Rh7 48.Ke4 Kxc4 49.h6 Kb4
50.g5 Kxa4 51.Ke5 Kb3 52.Kf6 a4 53.Ke7 a3 54.Kf8 f6 55.g6 Rxh6 56.Bxh6 a2
57.g7 a1=Q 58.g8=Q+ Kb4 59.Qg4+ Kb5 60.Qe2+ Kb6 61.Bf4 Qa3+ 62.Kg7 Qb3 63.Qe7 Qd5
64.Qb4+ Ka6 65.Bd6 c5  1/2-1/2

[Event "30th Open"]
[Site "San Sebastian ESP"]
[Date "2007.04.07"]
[Round "8"]
[White "Martin Alvarez,I"]
[Black "Darrigues,A"]
[Result "1/2-1/2"]
[WhiteElo "2173"]
[BlackElo "1992"]

1.e4 c5 2.Nf3 Nc6 3.Nc3 Nf6 4.Bb5 g6 5.h3 Bg7 6.e5 Ng8 7.O-O Nxe5 8.Nxe5 Bxe5
9.Qe2 Bg7 10.d3 a6 11.Bc4 e6 12.Bf4 d6 13.Bb3 Nf6 14.Bg5 h6 15.Bh4 O-O 16.Ne4 g5
17.Bg3 Nxe4 18.dxe4 Qe7 19.f4 gxf4 20.Bxf4 e5 21.Be3 Be6 22.Bxe6 fxe6 23.Qh5 Kh7
24.c4 Rxf1+ 25.Rxf1 Rf8 26.g4 Rxf1+ 27.Kxf1 Qf6+ 28.Ke2 Qg6 29.Qxg6+ Kxg6
30.h4 h5  1/2-1/2

[Event "8th ch-Euro w"]
[Site "Dresden GER"]
[Date "2007.04.08"]
[Round "6"]
[White "Padurariu,I"]
[Black "Levushkina,E"]
[Result "1/2-1/2"]
[WhiteElo "2188"]
[BlackElo "2327"]

1.e4 c5 2.Nc3 Nc6 3.Bb5 Nd4 4.Bc4 e6 5.Nf3 Nf6 6.e5 d5 7.exd6 Bxd6 8.d3 a6
9.a4 Bd7 10.Nxd4 cxd4 11.Ne4 Nxe4 12.dxe4 Bb4+ 13.Bd2 Qa5 14.Bb3 Bc6 15.f3 e5
16.Bxb4 Qxb4+ 17.Qd2 Qxd2+ 18.Kxd2 Ke7 19.a5 Rhc8 20.Ba4 Rc7 21.Rhc1 Rac8
22.Ra3 Bxa4 23.Rxa4 Rc5 24.c4 dxc3+ 25.Rxc3 Rxc3 26.bxc3 Kd6 27.Rb4 Rc7 28.Kd3 Kd7
29.Rb1 Kc8 30.Rb4 Rc6 31.c4 Rd6+ 32.Kc3 Rd1 33.Rb2 Kc7 34.h3 f6 35.Kb3 Rd3+
36.Ka4 Re3 37.Kb4 g6 38.Kc5 Ra3 39.Kb4 Ra1 40.Rd2 Re1 41.Kc5 Ra1 42.Kb4 h5
43.Rb2 f5 44.exf5 gxf5 45.Rd2 h4 46.Rd5 Re1 47.f4 Re2 48.Rxe5 Rxg2 49.Rxf5 Rg3
50.Kc5 Rxh3 51.Rf7+ Kc8 52.Kb6 Rb3+ 53.Ka7 Rb4 54.Rh7 Rxc4 55.Rxh4 Rc5 56.Rh8+ Kc7  1/2-1/2

[Event "8th ch-Euro w"]
[Site "Dresden GER"]
[Date "2007.04.08"]
[Round "6"]
[White "Tsiganova,M"]
[Black "Velikhanli,F"]
[Result "1/2-1/2"]
[WhiteElo "2214"]
[BlackElo "2304"]

1.e4 c5 2.Nc3 Nc6 3.Bb5 g6 4.Bxc6 dxc6 5.d3 e5 6.Be3 b6 7.Qd2 Bg7 8.O-O-O Nf6
9.h3 Qe7 10.Bh6 O-O 11.Bxg7 Kxg7 12.f4 exf4 13.Qxf4 Nd7 14.Nf3 Re8 15.Rdf1 f6
16.Rf2 Ne5 17.Rhf1 Bd7 18.Nxe5 fxe5 19.Qf7+ Kh8 20.Qxe7 Rxe7 21.Rf8+ Rxf8
22.Rxf8+ Kg7 23.Ra8 Be6 24.a4 c4 25.Kd2 cxd3 26.cxd3 Rd7 27.Ke3 h5 28.b4 Bb3
29.Rc8 Bc2 30.Rxc6 Rxd3+ 31.Ke2 Rd4 32.Rc7+ Kh6 33.Rxa7 Bxe4 34.Nxe4 Rxe4+
35.Kf3 Rxb4 36.a5 Rb3+ 37.Ke4 bxa5 38.Rxa5 Rb2 39.Kf3 e4+ 40.Kxe4 Rxg2 41.Kf3 Rg1
42.Kf2 Rg5 43.Ra7 h4 44.Ra3 Kh5 45.Rb3 Rc5 46.Rb4 Rc2+ 47.Kg1 Re2 48.Rb5+ Kh6
49.Ra5 Kg7 50.Ra4 g5 51.Ra6 Kf7 52.Rb6 Re6 53.Rxe6 Kxe6 54.Kf2 Ke5 55.Ke3 Kf5
56.Kf3  1/2-1/2

[Event "8th ch-Euro"]
[Site "Dresden GER"]
[Date "2007.04.09"]
[Round "7"]
[White "Nijboer,F"]
[Black "Zhigalko,S"]
[Result "0-1"]
[WhiteElo "2606"]
[BlackElo "2540"]

1.e4 c5 2.Nf3 Nc6 3.Nc3 Nf6 4.Bb5 Qc7 5.O-O Nd4 6.Re1 a6 7.Bc4 d6 8.Nd5 Nxd5
9.exd5 g6 10.Nxd4 cxd4 11.d3 h6 12.Bf4 Bg7 13.Qd2 b5 14.Bb3 Bb7 15.Re2 g5
16.Bg3 Qc5 17.a4 Bf6 18.f4 Bxd5 19.Bxd5 Qxd5 20.fxg5 Bxg5 21.Bf4 Rg8 22.Bxg5 Rxg5
23.Qf4 e5 24.Qh4 Rg6 25.Qh3 Kf8 26.Qd7 Kg7 27.axb5 axb5 28.Rxa8 Qxa8 29.Qxb5 Qa1+
30.Kf2 Rf6+  0-1

[Event "8th ch-Euro"]
[Site "Dresden GER"]
[Date "2007.04.09"]
[Round "7"]
[White "Atakisi,U"]
[Black "Frolyanov,D"]
[Result "0-1"]
[WhiteElo "2392"]
[BlackElo "2525"]

1.e4 c5 2.Nf3 Nc6 3.Nc3 Nf6 4.Bb5 Qc7 5.O-O Nd4 6.Re1 a6 7.Bc4 Ng4 8.Bxf7+ Kxf7
9.Ng5+ Ke8 10.Qxg4 Nxc2 11.Qf5 Nxe1 12.Qf7+ Kd8 13.d4 Nc2 14.Bf4 d6 15.Nd5 Qc6
16.Bd2 a5 17.Rd1 Nxd4 18.Bc3 Ne2+ 19.Kh1 Nxc3 20.bxc3 Bd7 21.Qf3 Kc8 22.Nf7 Rg8
23.Ng5 e6 24.Qf7 exd5 25.Qxg8 Kc7 26.Nxh7 Qa4 27.Rg1 Qxe4 28.Nxf8 Qe8  0-1

[Event "8th ch-Euro"]
[Site "Dresden GER"]
[Date "2007.04.11"]
[Round "8"]
[White "Naumann,A"]
[Black "Yakovich,Yur"]
[Result "1/2-1/2"]
[WhiteElo "2543"]
[BlackElo "2600"]

1.e4 c5 2.Nf3 Nc6 3.Nc3 g6 4.d4 cxd4 5.Nxd4 Bg7 6.Be3 Nf6 7.Bc4 d6 8.h3 O-O
9.O-O Bd7 10.Qd2 Rc8 11.Bb3 Ne5 12.Bh6 Qb6 13.Bxg7 Kxg7 14.Nd5 Nxd5 15.exd5 Nc4
16.Qc3 Ne5 17.Qd2 Nc4 18.Qc3 Ne5 19.Qd2  1/2-1/2

[Event "8th ch-Euro"]
[Site "Dresden GER"]
[Date "2007.04.12"]
[Round "9"]
[White "Ringoir,G"]
[Black "Marville,G"]
[Result "1-0"]
[WhiteElo "1954"]
[BlackElo "2031"]

1.e4 c5 2.Nf3 Nc6 3.Nc3 e6 4.Bb5 Nge7 5.O-O a6 6.Bxc6 Nxc6 7.d4 cxd4 8.Nxd4 Qc7
9.Re1 b6 10.Nxc6 Qxc6 11.Qg4 Bb7 12.f3 f6 13.a3 Kf7 14.Be3 Be7 15.Rac1 Bxa3
16.Nd1 Be7 17.Nc3 h5 18.Qg3 g5 19.Ne2 e5 20.Qf2 b5 21.Ng3 Rag8 22.Nf5 Bf8
23.Red1 Bc8 24.Rd3 g4 25.Kh1 gxf3 26.gxf3 h4 27.Rc3 Qa8 28.Bc5 d6 29.Nxd6+ Bxd6
30.Bxd6 Bh3 31.Rc7+ Kg6 32.Rg1+ Kh5 33.Rgg7 Rh6 34.Bb4 Rxg7 35.Rxg7 Qc6 36.Be1  1-0

[Event "8th ch-Euro w"]
[Site "Dresden GER"]
[Date "2007.04.12"]
[Round "9"]
[White "Repkova,E"]
[Black "Muzychuk,A"]
[Result "1/2-1/2"]
[WhiteElo "2328"]
[BlackElo "2474"]

1.e4 c5 2.Nf3 Nc6 3.Nc3 d6 4.d4 cxd4 5.Nxd4 Nf6 6.g3 e5 7.Nde2 Be7 8.Bg2 Be6
9.O-O a6 10.h3 O-O 11.Be3 Rc8 12.Qd2 Qa5 13.Rfd1 Rfd8 14.Nc1 Qc7 15.Nb3 Nb8
16.Rac1 Nbd7 17.g4 Nb6 18.Na5 d5 19.Bxb6 Qxb6 20.Nxd5 Bxd5 21.exd5 e4 22.Nb3 Rxd5
23.Qe2 Re5 24.Rd4 Qe6 25.Re1 Bc5 26.Nxc5 Rexc5 27.Bxe4 Qb6 28.Qd2 g6 29.Rb4 Qa5
30.c3 Nxe4 31.Rbxe4 Rd5 32.Qh6 Qd8 33.Qf4 Rd7 34.Kh2 Qf8 35.R1e2 h6 36.Rd4 Rxd4
37.cxd4 Rd8 38.Qe5 Qb4 39.Qf6 Qd6+ 40.Qxd6 Rxd6 41.Rd2 Kf8 42.Kg3 Ke7 43.Kf4 Re6
44.h4 Kd6 45.g5 h5 46.f3 Re1 47.b3 b5 48.Rc2 Rh1 49.Kg3 Rd1 50.Rc8 Rd2 51.Rd8+ Ke6
52.Kf4 Rxa2 53.Re8+ Kd6 54.Rf8 Ke7 55.Ra8 Ke6 56.Re8+ Kd7 57.Rf8 Ke7 58.Ra8 Ke6  1/2-1/2

[Event "8th ch-Euro"]
[Site "Dresden GER"]
[Date "2007.04.12"]
[Round "9"]
[White "Pashikian,A"]
[Black "Loxine,J"]
[Result "1-0"]
[WhiteElo "2538"]
[BlackElo "2301"]

1.e4 c5 2.Nf3 Nc6 3.Nc3 d6 4.d4 cxd4 5.Nxd4 e5 6.Nf5 Bxf5 7.exf5 Qd7 8.g4 h5
9.Be3 hxg4 10.Qxg4 Nf6 11.Qa4 Be7 12.O-O-O Rc8 13.h4 a6 14.h5 Nd4 15.Qxd7+ Kxd7
16.Bxd4 exd4 17.Rxd4 Rxh5 18.Rxh5 Nxh5 19.f6 Bxf6 20.Bh3+ Kd8 21.Rxd6+ Kc7
22.Rd5 Rh8 23.Rd7+ Kc6 24.Rxf7 Bg5+ 25.Kb1 Nf4 26.Bd7+ Kb6 27.a3 Bf6 28.Na4+ Kc7
29.Bg4+ Kd6 30.Rxb7 Rh1+ 31.Ka2 Rh2 32.Rd7+ Ke5 33.Rd2 Bh4 34.Nc5 Rxf2 35.Rxf2 Bxf2
36.Nxa6 Nd5 37.Nb4 Kf4 38.Be6 Nxb4+ 39.axb4 g5 40.c4 Ke5 41.Bh3 Kd4 42.Kb3 Be1
43.c5 Bd2 44.Ka4 Bc1 45.Kb5 Kd5 46.b3 Bd2 47.c6 Kd6 48.Kb6  1-0

[Event "8th ch-Euro w"]
[Site "Dresden GER"]
[Date "2007.04.12"]
[Round "9"]
[White "Stepovaia,T"]
[Black "Khurtsidze,N"]
[Result "0-1"]
[WhiteElo "2375"]
[BlackElo "2469"]

1.e4 c5 2.Nc3 Nc6 3.Nge2 g6 4.d4 cxd4 5.Nxd4 Bg7 6.Be3 Nf6 7.Nxc6 bxc6 8.e5 Ng8
9.f4 f6 10.e6 dxe6 11.Qf3 Qc7 12.Bb5 Bd7 13.O-O-O Rc8 14.Bc4 f5 15.Bd4 Bxd4
16.Rxd4 Nf6 17.Re1 Nd5 18.h4 h5 19.Qg3 Kf7 20.Ne2 c5 21.Rd2 Bc6 22.Qg5 Kg7
23.Bxd5 Bxd5 24.Rxd5 exd5 25.Ng3 Kf7 26.Re5 e6 27.Nf1 Qe7 28.Qg3 Rb8 29.Nd2 Qf6
30.Nf3 Rb6 31.Qe1 Re8 32.Qa5 Qe7 33.Re3 Kg8 34.Ne5 Kh7 35.Qe1 c4 36.c3 Reb8
37.Re2 Qb7 38.Qg3 Qg7 39.Qe3 Qe7 40.Qg3 Qg7 41.Qe3 Qe7 42.Qg3 Rg8 43.Qf2 Qc7
44.Qd4 Ra6 45.a3 Qb6 46.Qxb6 Rxb6 47.Nd7 Rd6 48.Nf6+ Kg7 49.Nxg8 Kxg8 50.g3 Rb6
51.Kc2 Kf7 52.Re1 Ke7 53.Rd1 Kd6 54.Rd2 e5 55.fxe5+ Kxe5 56.Re2+ Kf6 57.Re8 Re6
58.Rf8+ Ke5 59.Kd2 Ke4 60.Ke2 d4 61.cxd4 Rb6 62.Re8+ Kxd4 63.Rd8+ Ke5 64.Rd2 Rb3
65.Kf2 c3 66.bxc3 Rxc3 67.Re2+ Kf6 68.Ra2 f4 69.gxf4 Rh3 70.Rc2  0-1

[Event "Reykjavik International"]
[Site "Reykjavik ISL"]
[Date "2007.04.12"]
[Round "2"]
[White "Lamoureux,C"]
[Black "Gretarsson,Hj"]
[Result "1-0"]
[WhiteElo "2360"]
[BlackElo "2156"]

1.e4 c5 2.Nf3 Nc6 3.Nc3 d6 4.d4 cxd4 5.Nxd4 Nf6 6.Be2 e5 7.Nf3 h6 8.O-O Be7
9.Re1 O-O 10.b3 Be6 11.Bb2 Rc8 12.h3 Nb8 13.Nd2 a6 14.a4 Nc6 15.Nc4 Nd4 16.Ne3 Nxe2+
17.Qxe2 Qa5 18.Qd3 g6 19.Ncd5 Nxd5 20.exd5 Bd7 21.f4 Bh4 22.Rf1 exf4 23.Rxf4 Bg5
24.Rf2 Rce8 25.Nc4 Re1+ 26.Rxe1 Qxe1+ 27.Rf1 Qh4 28.Nxd6 b5 29.Rxf7 Be3+
30.Qxe3 Rxf7 31.Nxf7 Kxf7 32.Qe5 Qg5 33.Qg7+ Ke8 34.Qh8+ Kf7 35.Qh7+ Ke8
36.Qg8+ Ke7 37.Ba3+ Kf6 38.Bb2+ Ke7 39.Ba3+ Kf6 40.Qd8+  1-0

[Event "8th ch-Euro w"]
[Site "Dresden GER"]
[Date "2007.04.13"]
[Round "10"]
[White "Fakhiridou,E"]
[Black "Schulz,St"]
[Result "1-0"]
[WhiteElo "2299"]
[BlackElo "2117"]

1.e4 c5 2.Nc3 Nc6 3.Nge2 g6 4.d4 cxd4 5.Nxd4 Bg7 6.Be3 Nf6 7.Nxc6 bxc6 8.e5 Ng8
9.f4 h5 10.Bd4 Nh6 11.e6 O-O 12.exf7+ Rxf7 13.Bxg7 Kxg7 14.Qd4+ Kh7 15.Ne4 e5
16.fxe5 Nf5 17.Qc4 Re7 18.Ng5+ Kh6 19.Nf3 Qa5+ 20.c3 Rxe5+ 21.Nxe5 Qxe5+
22.Qe2 Ne3 23.Kd2 Nxf1+ 24.Qxf1 Qg5+ 25.Kc2 d5 26.Qc1 Bf5+ 27.Kb3 Rb8+ 28.Ka3 Qxc1
29.Raxc1 Be4 30.Rhg1 c5 31.c4 d4 32.Rce1 Bc2 33.b3 a5 34.Re2 Bf5 35.Re5 Rc8
36.Rge1 a4 37.Kxa4 Ra8+ 38.Kb5 Rxa2 39.R1e2 Bc2 40.Kxc5 d3 41.Rd2 Bxb3 42.Rxa2 Bxa2
43.Rd5  1-0

[Event "8th ch-Euro w"]
[Site "Dresden GER"]
[Date "2007.04.14"]
[Round "11"]
[White "Zdebskaja,N"]
[Black "Rybenko,K"]
[Result "1/2-1/2"]
[WhiteElo "2335"]
[BlackElo "2239"]

1.e4 c5 2.Nf3 Nc6 3.Nc3 e5 4.Bc4 d6 5.d3 Be7 6.Nd2 Nf6 7.Nf1 Nd7 8.Ne3 Nb6
9.O-O O-O 10.Ncd5 Bg5 11.c3 Bxe3 12.Bxe3 Nxd5 13.Bxd5 Be6 14.Bc4 b6 15.Qf3 Qe7
16.Qg3 f5 17.Bxe6+ Qxe6 18.f4 Rad8 19.exf5 Rxf5 20.fxe5 dxe5 21.Bg5 Rd7 22.a3 Qg6
23.Qg4 Rdf7 24.Rxf5 Rxf5 25.Qc4+ Qf7 26.Qe4 Rxg5 27.Qxc6 g6 28.Re1 Kg7 29.Qe4 Qe7
30.Re3 h5 31.Rf3  1/2-1/2

[Event "8th ch-Euro"]
[Site "Dresden GER"]
[Date "2007.04.14"]
[Round "11"]
[White "Minasian,Art"]
[Black "Maze,S"]
[Result "1-0"]
[WhiteElo "2586"]
[BlackElo "2506"]

1.e4 c5 2.Nf3 Nc6 3.Nc3 e5 4.Bc4 Be7 5.Nd5 Nf6 6.Nxe7 Qxe7 7.d3 d6 8.c3 h6
9.h3 O-O 10.g4 Nh7 11.g5 Kh8 12.gxh6 g6 13.Be3 f5 14.Qe2 Qf6 15.Nh2 f4 16.Bd2 Qh4
17.O-O-O Rb8 18.d4 Qxh6 19.dxc5 dxc5 20.Ng4 Qh4 21.f3 Qe7 22.Bd5 Bd7 23.Bxc6 Bxc6
24.c4 Rfd8 25.Bc3 Rd4 26.Bxd4 cxd4 27.Kb1 b5 28.cxb5 Bxb5 29.Qc2 Ng5 30.Nh2 Ne6
31.Rhg1 Nc5 32.Rxg6 Be8 33.Rh6+ Kg7 34.Rh4 Bg6 35.Rg4 d3 36.Qc4 Rb6 37.Rd2 Kf8
38.Rdg2 d2 39.Rxd2 Bf7 40.Qc3 Rb8 41.Rdg2 Nxe4 42.Qc6  1-0

[Event "8th ch-Euro"]
[Site "Dresden GER"]
[Date "2007.04.14"]
[Round "11"]
[White "Armbrust,F"]
[Black "Akesson,R"]
[Result "1/2-1/2"]
[WhiteElo "2255"]
[BlackElo "2478"]

1.e4 c5 2.Nc3 Nc6 3.Bb5 g6 4.Bxc6 dxc6 5.d3 Bg7 6.Be3 b6 7.Qd2 e5 8.f4 Nf6
9.fxe5 Ng4 10.Bf4 Nxe5 11.O-O-O Bg4 12.Rf1 h6 13.Qf2 Be6 14.Qg3 Qf6 15.Nf3 Nxf3
16.Rxf3 Qd4 17.Be3 Qd7 18.Bf4 O-O-O 19.Be5 Bxe5 20.Qxe5 c4 21.Rd1 Qd6 22.Qxd6 Rxd6
23.e5 Rd7 24.Rf6 cxd3 25.cxd3 Rhd8 26.Ne4 Bxa2 27.Rxc6+ Kb8 28.Rc3  1/2-1/2

[Event "Reykjavik International"]
[Site "Reykjavik ISL"]
[Date "2007.04.16"]
[Round "6"]
[White "Lamoureux,C"]
[Black "Bellin,R"]
[Result "0-1"]
[WhiteElo "2360"]
[BlackElo "2381"]

1.e4 c5 2.Nf3 Nc6 3.Nc3 g6 4.d4 cxd4 5.Nxd4 Bg7 6.Nb3 Nf6 7.Be2 O-O 8.O-O d6
9.Bg5 a5 10.a4 h6 11.Bh4 g5 12.Bg3 e5 13.Re1 Be6 14.Bf1 Qb6 15.Nd5 Bxd5 16.exd5 Nb4
17.c4 Nd7 18.Kh1 f5 19.f3 Qa7 20.Qd2 b6  0-1

[Event "Elitzur Winter"]
[Site "Givataim ISR"]
[Date "2007.04.17"]
[Round "11"]
[White "Cohen,O"]
[Black "Kaganskiy,G"]
[Result "1/2-1/2"]
[WhiteElo "2221"]
[BlackElo "2337"]

1.e4 c5 2.Nc3 Nc6 3.Nf3 e5 4.Bc4 d6 5.d3 Be7 6.Nd2 Bg5 7.h4 Bxd2+ 8.Bxd2 Nf6
9.Nd5 Nxd5 10.Bxd5 Be6 11.Bxe6 fxe6 12.Qh5+ Kd7 13.O-O Ne7 14.f4 exf4 15.Bxf4 Qe8
16.Qf3 Rf8 17.Qg3 e5 18.Qh3+ Kc7 19.Bg5 Qd7 20.Bxe7  1/2-1/2

[Event "Open"]
[Site "Metz FRA"]
[Date "2007.04.20"]
[Round "7"]
[White "Zozulia,A"]
[Black "Abergel,T"]
[Result "1/2-1/2"]
[WhiteElo "2344"]
[BlackElo "2498"]

1.e4 c5 2.Nf3 Nc6 3.Nc3 d6 4.Bb5 Bd7 5.d4 cxd4 6.Nxd4 g6 7.O-O Bg7 8.Be3 Nf6
9.f3 O-O 10.Kh1 Rc8 11.Nxc6 bxc6 12.Bc4 c5 13.Qd2 Rb8 14.Rab1 Qc7 15.Bh6 Bxh6
16.Qxh6 Qa5 17.Qe3 Bc6 18.e5 dxe5 19.Qxe5 Nd7 20.Qxe7 Rxb2 21.Rxb2 Qxc3 22.Bb5 Qxb2
23.Bxc6 Ne5 24.Be4 Nc4 25.Qxc5 Nd2 26.Rd1 Nxe4 27.fxe4 Qxa2 28.h3 a5 29.Qc3 Re8
30.Ra1 Qe6 31.Rxa5 Qxe4 32.Ra1 h5 33.Rf1 Re7 34.Qf6 Rd7 35.Rb1 Qa8 36.Qe5 Rd8
37.Qf6 Rd2 38.Qg5 Rxc2 39.Rd1 Qe4 40.Qd8+ Kh7 41.Qd5 Qf4 42.Qd3 Rf2 43.Kg1 h4
44.Re1 f5 45.Qa3 Rd2 46.Qe3 Qxe3+ 47.Rxe3 Kh6 48.Re6 Kh5 49.Ra6 Rb2 50.Rc6 Kg5
51.Ra6 Rb3 52.Kf2 Rg3 53.Ra5 Rc3 54.Ra6 Rc2+ 55.Kf3 Rc5 56.Ra4 Rc6 57.Rb4 Kh5
58.Rb5 Rf6 59.Kf4 g5+ 60.Kf3 Kg6 61.Rb8 Ra6 62.Rg8+ Kf6 63.Rf8+ Ke6 64.Rg8 Ra3+
65.Kf2 Kf6 66.Ke2 Rg3 67.Kf2 Ke5 68.Ra8 Rd3 69.Ra4 Rd4 70.Ra3 g4 71.hxg4 fxg4
72.Ra8 Rd2+ 73.Kf1 Kf4 74.Ra3 Rd1+ 75.Kf2 g3+ 76.Ke2 Rd4 77.Ra8 Rd5 78.Ra4+ Kg5
79.Ra8 Rf5 80.Ke3 Kg4 81.Ra4+ Kh5 82.Ra8 Rg5 83.Kf4 Rg4+ 84.Kf5 Rg5+ 85.Kf4  1/2-1/2

[Event "TCh-ITA"]
[Site "Palermo ITA"]
[Date "2007.04.20"]
[Round "2"]
[White "Mogranzini,R"]
[Black "Vocaturo,D"]
[Result "0-1"]
[WhiteElo "2421"]
[BlackElo "2450"]

1.e4 c5 2.Nc3 Nc6 3.Bb5 Nd4 4.Bc4 e6 5.Nge2 Nf6 6.O-O a6 7.d3 b5 8.Bb3 Nxb3
9.axb3 Bb7 10.Bg5 h6 11.Bh4 d6 12.f4 Be7 13.Bxf6 Bxf6 14.Qd2 O-O 15.Nd1 Qd7
16.Ng3 Bh4 17.f5 Bxg3 18.hxg3 exf5 19.exf5 Rfe8 20.g4 Qe7 21.Nf2 Qe3 22.Qxe3 Rxe3
23.Rfe1 Rg3 24.Re7 Rxg2+ 25.Kf1 Bf3 26.Rae1 h5 27.gxh5 Rg5 28.Ne4 Rxf5 29.Nxd6 Rf6
30.Ne8 Rf4 31.h6 gxh6 32.Kf2 Bc6+ 33.Kg3 Rf3+ 34.Kg4 Rd8 35.Kh5 Rd4 36.Kxh6 Rf5  0-1

[Event "Open"]
[Site "Metz FRA"]
[Date "2007.04.21"]
[Round "8"]
[White "Abergel,T"]
[Black "Struk,J"]
[Result "0-1"]
[WhiteElo "2498"]
[BlackElo "2265"]

1.e4 c5 2.Nc3 Nc6 3.Bb5 Nd4 4.Bc4 e6 5.Nf3 a6 6.Nxd4 cxd4 7.Ne2 b5 8.Bb3 Qb6
9.O-O Bb7 10.d3 Be7 11.f4 Nf6 12.h3 h5 13.Kh1 g6 14.a4 h4 15.Bd2 b4 16.a5 Qa7
17.Qe1 Rb8 18.Bxb4 Bxb4 19.Qxb4 Bxe4 20.Qxd4 Qxd4 21.Nxd4 Bb7 22.Rf2 Ke7
23.Re1 Kd6 24.Ne2 Rh5 25.Ra1 Nd5 26.Bxd5 Bxd5 27.c4 Ba8 28.Nc3 Kc5 29.Na4+ Kb4
30.c5 Bc6 31.Rc2 Bxa4 32.Rc4+ Kb3 33.Raxa4 Rb5 34.d4 Rf5 35.d5 Rxd5 36.f5 Rxf5
37.Rxh4 Rfxc5 38.Raf4 g5 39.Rf3+ Kxb2 40.Rh7 Rf5 41.Rxf7 Rxf3 42.gxf3 d5
43.Rf6 d4 44.Kg2 Re5 45.Rf8 d3 46.Rb8+ Kc3 47.Kf2 d2 48.Rc8+ Kd3  0-1

[Event "9th Open"]
[Site "Dubai UAE"]
[Date "2007.04.22"]
[Round "1"]
[White "Kotsur,P"]
[Black "Sukandar,I"]
[Result "1-0"]
[WhiteElo "2588"]
[BlackElo "2217"]

1.e4 c5 2.Nc3 Nc6 3.Nf3 g6 4.d4 cxd4 5.Nxd4 Bg7 6.Nb3 Nf6 7.Be2 O-O 8.O-O d6
9.Kh1 Be6 10.Bg5 Rc8 11.f4 Na5 12.f5 Bc4 13.Bd3 b5 14.Qe1 b4 15.Nd1 Bxd3
16.cxd3 Nc6 17.Ne3 a5 18.Rc1 a4 19.Nd2 Qb6 20.Ndc4 Qd4 21.Rd1 b3 22.axb3 axb3
23.fxg6 hxg6 24.Nf5 Qc5 25.Nxe7+ Nxe7 26.Bxf6 Bxf6 27.Rxf6 d5 28.Nd6 Qd4
29.Nxc8 Qxf6 30.e5 Qe6 31.Nxe7+ Qxe7 32.Qc3 Rb8 33.d4 Qb7 34.Rc1 Qb5 35.Qf3 Qd7
36.h3 Rc8 37.Rf1 Rb8 38.Kh2 Rb4 39.Qe3 Rb6 40.Rf4 Qe7 41.Qf3 Rb4 42.Qxd5  1-0

[Event "9th Open"]
[Site "Dubai UAE"]
[Date "2007.04.22"]
[Round "1"]
[White "Al Modiahki,M"]
[Black "Salem,AR"]
[Result "1-0"]
[WhiteElo "2556"]
[BlackElo "2193"]

1.e4 c5 2.Nc3 Nc6 3.Nf3 e5 4.Bc4 d6 5.O-O Be7 6.d3 Nf6 7.Nd5 O-O 8.Nxe7+ Qxe7
9.Bg5 Be6 10.Nd2 h6 11.Bh4 Rab8 12.a4 a6 13.c3 Na5 14.b3 Nc6 15.Re1 g5 16.Bg3 b5
17.axb5 axb5 18.Bxe6 fxe6 19.Nf3 b4 20.d4 bxc3 21.dxe5 dxe5 22.Nxe5 Nxe5
23.Bxe5 Rbd8 24.Qf3 Rd4 25.Bxd4 cxd4 26.e5 Nd5 27.Qd3 Nf4 28.Qxd4 Qb7 29.Qe4 Qxe4
30.Rxe4 Rc8 31.g3 Nd3 32.Rd4 Nxe5 33.Kg2 c2 34.Rc1 Rc3 35.b4 Nd3 36.Rxd3 Rxd3
37.Rxc2 Rb3 38.Rc4 Kf7 39.h4 Kg6 40.f3 gxh4 41.Rxh4 Rb2+ 42.Kh3 Rb3 43.Rg4+ Kf5
44.Rf4+ Kg5 45.Re4 Rxf3 46.Rxe6 Rb3 47.Re5+ Kf6 48.Rb5 Rc3 49.Rc5 Rb3 50.b5 Kg6
51.Kh4 Rb4+ 52.g4 Rb3 53.Rc6+ Kg7 54.b6 Rb5 55.Kg3 Rb3+ 56.Kf4 Rb4+ 57.Kf5 Rb5+
58.Ke6 Rb4 59.Kd7  1-0

[Event "XX Open"]
[Site "Benidorm ESP"]
[Date "2007.04.23"]
[Round "1"]
[White "Pardo Simon,L"]
[Black "Swinkels,R"]
[Result "0-1"]
[WhiteElo "1799"]
[BlackElo "2422"]

1.e4 c5 2.Nc3 Nc6 3.Bb5 Nd4 4.Bc4 e6 5.Nf3 Nxf3+ 6.Qxf3 Ne7 7.d3 Nc6 8.Be3 Be7
9.Qg3 O-O 10.O-O Bh4 11.Qf3 d6 12.Bb3 Rb8 13.a3 b5 14.Qd1 Bf6 15.Qe2 Qc7
16.Bd2 Nd4 17.Qd1 Bd7 18.Rb1 Nxb3 19.cxb3 a5 20.Ne2 b4 21.a4 Bc6 22.Be3 Rbc8
23.Qc2 Bb7 24.Rfc1 Qd7 25.Qd2 Rfd8 26.Bg5 Qe7 27.Bxf6 Qxf6 28.Qf4 Qe7 29.Ng3 Rc7
30.Rc2 Bc8 31.Rbc1 e5 32.Qd2 Be6 33.Rc4 g6 34.f3 f6 35.Rf1 Bxc4 36.dxc4 Qe6
37.Qd3 Rf7 38.Rd1 f5 39.Qd2 Kg7 40.Qg5 Rdd7 41.Nxf5+ Kh8 42.Ne3 Rf8 43.Nd5 Kg7
44.Qd2 h6 45.Ne3 Rh8 46.Qf2 Qf7 47.Qg3 Kh7 48.Qh4 Rf8 49.Ng4 Qf4 50.Qh3 Rff7
51.Nf2 Qe3 52.Kf1 Qxb3  0-1